Five Letter Words Ending in USE Quiz Stats

Quiz not verified by Sporcle

Challenge
Share
Tweet
Embed
Score 0/15 Timer 03:00
0 Plays Today
Answer % Correct
Abuse
90.3%
Mouse
78.6%
Louse
78.1%
House
73.5%
Douse
73%
Rouse
72.4%
Amuse
69.4%
Souse
67.9%
Answer % Correct
Cruse
67.3%
Cause
61.2%
Chuse
58.2%
Pause
53.1%
Reuse
52.6%
Touse
46.4%
Druse
45.9%

You're not logged in!

Compare scores with friends on all Sporcle quizzes.
Sign Up with Email
OR
Log In

You Might Also Like...

Show Comments

Extras

Top Quizzes Today


Score Distribution

Your Account Isn't Verified!

In order to create a playlist on Sporcle, you need to verify the email address you used during registration. Go to your Sporcle Settings to finish the process.

Report this User

Report this user for behavior that violates our Community Guidelines.

Details: